01291nam a2200205 450000500170000000800410001702000180005804100120007608200150008810000260010324500590012926000230018830000080021136500190021952006410023865000110087994200070089099900190089795201690091620260212110729.0260204b |||||||| |||| 00| 0 eng d a9781800922136 aEnglish a746.1bWOL aWolff Aurelia9216599 aBotanical Dyes: A Seasonal Guide to Sustainable Dyeing bSearch Pressc2014 a182 b1302.63cRs,00 aINTRODUCTION TO BOTANICAL DYEING What Is Botanical Dyeing? • Traditional Methods • Natural Dyeing: A Call To Action • Classification Of Dyes • The Dyeing Process • Natural Fibres • Mordanting • The Different Techniques • In The Dyer’s Workshop SEASONAL DYEING: RECIPES & INSPIRATION SPRING – Walnut, Rhubarb, Dyer’s woad, Artichoke SUMMER - Weld, Cosmos, Madder, Wild carrot AUTUMN - Oak, St John’s wort, Elderberry, Broad-leaved dock WINTER - Chestnut, Onion, Avocado, Turmeric OUT OF SEASON & OTHER LATITUDES - Cutch, Logwood • Appendices • Glossary • Useful Addresses • Where To Find The Plants  aDyeing cBK c370313d370313 00102ddc4070aSOFTbSOFTd2026-02-04eDesign Book Studiog1302.63i284l1o746.1 WOLpSOFT-BK-4936r2026-03-30 13:03:32s2026-03-24t33%v1944.22w2025-12-12yBK